Normal view
MARC view
Entry Personal Name
001 - CONTROL NUMBER
- control field: 624009
003 - CONTROL NUMBER IDENTIFIER
- control field: OSt
005 - DATE AND TIME OF LATEST TRANSACTION
- control field: 20221005105948.0
008 - FIXED-LENGTH DATA ELEMENTS
- fixed length control field: 221005|| aca||aabn | a|a d
040 ## - CATALOGING SOURCE
- Original cataloging agency: OSt
- Transcribing agency: OSt
100 ## - HEADING--PERSONAL NAME
- Personal name: शर्मा, योगेन्द्रनाथ, ‘अरूण’, संपा
670 ## - SOURCE DATA FOUND
- Source citation: Work cat.: (OSt)1017361: शर्मा, योगेन्द्रनाथ, ‘अरूण’, संपा., कन्हैयालाल मिश्र प्रभाकर रचना संचयन, 2014
